000 00523nam a2200181Ia 4500
001 24751
005 20260414151104.0
008 260414t2012||||xx |||||||||||||| ||spa||
041 _aESP
082 _a345.731J
_bF19 T.2
100 _aMosquera Vásquez, Clara Celinda (coord.)
_eAUT
245 0 _aFallos de los Juzgado de Paz Letrado de aplicación práctica :
_basuntos no tratados a nivel superior y supremo
260 _c2012
300 _a
_c24 cm.
650 _aDER
654 _aCDE
942 _cLIB
_dJUS
_fJUS
_2ddc
_n
999 _c24751
_d24751